Sports Quiz

Random Sports Quiz
Score 0/70 Timer 20:00
0 Plays Today
Goals Player % Correct
30Wayne Rooney
98.5%
28Ryan Giggs
96.7%
24Paul Scholes
96.4%
6*Marcus Rashford
95.8%
15Cristiano Ronaldo
95.6%
14David Beckham
93.7%
18Andy Cole
93.2%
35Ruud van Nistelrooy
93.2%
4*Anthony Martial
92%
11Dwight Yorke
91.8%
1Rio Ferdinand.
91.5%
2Gary Neville
90.7%
2Phil Neville
90.5%
20Ole Gunnar Solskjaer
89.7%
9Teddy Sheringham
88.9%
3Nemanja Vidic
88.9%
14Roy Keane
87.4%
2*Paul Pogba
87%
2Patrice Evra
84%
5Eric Cantona
82.2%
2Nicky Butt
81.4%
7Robin van Persie
80.7%
4Michael Carrick
79.6%
4Luis Nani
78.9%
2*Juan Mata
77.4%
4Denis Irwin
75%
6Carlos Tevez
74.1%
5Dimitar Berbatov
73.6%
2*Phil Jones
73%
7Romelu Lukaku
71.1%
2Steve Bruce
70.5%
2Chris Smalling
69.8%
1*Bruno Fernandes
69.1%
3Ji-sung Park
68.8%
2Mark Hughes
68.3%
Goals Player % Correct
3Anderson
68.2%
3Darren Fletcher
67.1%
1Wes Brown
65.7%
6Antonio Valencia
64.6%
2John O'Shea
64.5%
4Louis Saha
61.6%
4Juan Sebastian Veron
59.3%
7Javier Hernandez
58.2%
1Ashley Young
57.7%
4Michael Owen
57.1%
1Alan Smith
54.8%
4Danny Welbeck
53.6%
1Andrey Kanchelskis
53.4%
2Marouane Fellaini
47.3%
3Diego Forlan
47%
2Lee Sharpe
45.3%
2Jonny Evans
44.5%
2Mikael Silvestre
41.7%
1David May
41.2%
3Laurent Blanc
40.3%
1Bryan Robson
38.5%
1Henning Berg
37.7%
1Memphis Depay
36%
1Daley Blind
34.2%
1Henrikh Larsson
32.8%
2Darron Gibson
30%
2Quinton Fortune
28%
1Eric Djemba-Djemba
26.6%
1Bebe
26%
1David Bellion
22.8%
1Henrikh Mkhitaryan
21.6%
1Gabriel Obertan
21.5%
2Gerard Pique
19.6%
1Kieran Richardson
16.6%
1Simon Davies
7.3%
Remove Ads.
Support Sporcle.
Get the best of Sporcle when you Go Orange. This ad-free experience offers more features, more stats, and more fun while also helping to support Sporcle. Thank you for becoming a member.

You're not logged in!

Compare scores with friends on all Sporcle quizzes.
OR
Log In

Show Comments

Extras

Top Quizzes Today


Score Distribution

Your Account Isn't Verified!

In order to create a playlist on Sporcle, you need to verify the email address you used during registration. Go to your Sporcle Settings to finish the process.

Report this User

Report this user for behavior that violates our Community Guidelines.

Details: